Turbo language essentials : a programmer's reference

Αποθηκεύτηκε σε:
Λεπτομέρειες βιβλιογραφικής εγγραφής
Κύριος συγγραφέας: Weiskamp, Keith
Άλλοι συγγραφείς: Shammas, Namir Clement, 1954-, Pronk, Ron
Μορφή: Βιβλίο
Γλώσσα:English
Δημοσίευση: New York : Wiley, 1989.
Θέματα:
Ετικέτες: Προσθήκη ετικέτας
Δεν υπάρχουν, Καταχωρήστε ετικέτα πρώτοι!

MARC

LEADER 00000cam a2200000 i 4500
001 1/51710
008 960209s1989 nyu| ||| |||| ||eng||
020 |a 0471609072 
035 |l 10027219 
040 |a GR-MyUa  |b gre  |e AACR2 
041 0 |a eng 
082 7 |a 005.133   |2 (22) 
100 1 |a Weiskamp, Keith. 
245 1 0 |a Turbo language essentials :   |b a programmer's reference /   |c Keith Weiskamp, N.C. Shammas, Ron Pronk.  
260 |a New York :   |b Wiley,   |c 1989.  
300 |a xxvii, 500 σ. :   |b εικ. ;   |c 24 εκ. 
650 0 |a Turbo languages (Computer program language) 
700 1 |a Shammas, Namir Clement,   |d 1954- 
700 1 |a Pronk, Ron. 
852 |a INST  |b CHIOS  |e 19960209  |h 005.133 WEI  |p 005200002453  |q 005200002453  |t BK  |y 0